[Event "Moravia-Silesia Region-chT 0708"]
[Site "Czech Republic"]
[Date "2008.01.20"]
[Round "6.4"]
[White "Oborny, Lubor"]
[Black "Hrbacek, Miroslav"]
[Result "0-1"]
[WhiteElo "2130"]
[BlackElo "1995"]
[PlyCount "72"]
[EventDate "2007.10.28"]
[EventType "team-tourn"]
[EventRounds "11"]
[EventCountry "CZE"]
[SourceTitle "EXT 2024"]
[Source "ChessBase"]
[SourceDate "2023.10.10"]
[SourceVersion "1"]
[SourceVersionDate "2023.10.10"]
[SourceQuality "1"]

1. d4 d5 2. c4 e6 3. Nf3 Nd7 4. Bg5 Ngf6 5. e3 c6 6. Nc3 Qa5 7. Bxf6 Nxf6 8. Nd2 Bb4 9. Qc2 0-0 10. Be2 b5 11. cxb5 cxb5 12. 0-0 Bd7 13. Nb3 Qb6 14. Qd3 a6 15. Rac1 Rac8 16. Nb1 Bd6 17. N1d2 a5 18. Nf3 Ng4 19. Nbd2 f5 20. Rfd1 Qb8 21. g3 g5 22. Ne1 Nf6 23. Ng2 Bb4 24. a3 Bd6 25. f4 g4 26. Qb1 Qb6 27. Rxc8 Rxc8 28. Rc1 b4 29. Rxc8+ Bxc8 30. axb4 Qxb4 31. Qc2 Bd7 32. Kf2 Kf7 33. Ne1 Qxd2 34. Qb3 Ne4+ 35. Kf1 Bb4 36. Nd3 Qe1+ 0-1

[Event "Moravia-Silesia Region-chT 0708"]
[Site "Czech Republic"]
[Date "2007.11.11"]
[Round "2.4"]
[White "Oborny, Lubor"]
[Black "Slovak, Petr"]
[Result "0-1"]
[WhiteElo "2130"]
[BlackElo "2089"]
[PlyCount "46"]
[EventDate "2007.10.28"]
[EventType "team-tourn"]
[EventRounds "11"]
[EventCountry "CZE"]
[SourceTitle "EXT 2024"]
[Source "ChessBase"]
[SourceDate "2023.10.10"]
[SourceVersion "1"]
[SourceVersionDate "2023.10.10"]
[SourceQuality "1"]

1. d4 Nf6 2. c4 c5 3. d5 b5 4. cxb5 a6 5. bxa6 Bxa6 6. g3 d6 7. Bg2 g6 8. Nc3 Nbd7 9. Nf3 Bg7 10. 0-0 0-0 11. Re1 Qa5 12. Qc2 Nb6 13. e4 Nfd7 14. Bf1 Bxf1 15. Rxf1 Rfb8 16. Bg5 Nc4 17. Rfc1 Rxb2 18. Qd3 Nde5 19. Nxe5 Nxe5 20. Qd1 h6 21. Bd2 Rxd2 22. Qb3 Nd3 23. Qb7 Nxc1 0-1